Biblioteka Instytutu Północnego w Olsztynie

Lew Tołstoj i kultury słowiańskie / (Rekord nr 26933)

Szczegóły MARC
000 -Nagłówek
fixed length control field 02453cam a2200553 i 4500
001 - Nr kontrolny bibl., która utworzyła rek.
control field zz2005913590
003 - Siglum bibl., której nr kontr. jest w 001
control field NUKAT
005 - Data i czas ostatniej operacji
control field 20260311100858.0
008 - Elementy pola stałej długości
fixed length control field 050808s2005 pl f |100 0druso
020 ## - ISBN
ISBN 8372993939
dopowiedzenie (oprawa miękka)
035 ## - Systemowy numer kontrolny
systemowy numer kontrolny (OCoLC)169091007
035 ## - Systemowy numer kontrolny
systemowy numer kontrolny (NUKAT)zz2005913590
040 ## - Instytucja sporządzająca opis
Instytucja, która sporządziła opis WA N/PBza
język katalgowania-trzyzn. kod pol
zasady opisu rda
Instytucja, która sporządziła rekord WA N/PBza
Instytucja, która zmodyfikowała rekord WA N/PBan
-- POZN U/JŁs
-- WR U/ZSs
-- WA N/PBiks
-- WA N/PBjkws
-- WA N/PBezm
-- OLSZT 003/BK
-- OLSZT 008/bak
041 0# - Kod nazwy języka dokumentu
Język tekstu rus
-- pol
-- ukr
045 2# - Okres czasu dla zawartości
czas między r. 9999 pne a nasz. czas. d1828
-- d2000
046 ## - Kod rodz. daty, data1, data2 (daty pne)
Begin/single date 2005
080 ## - Symbol UKD
symbol UKD 821.161.1(091)A/Z:821.16(091):821.172(091):821.511.113(091)]"18/19"(061)
245 00 - Tytuł właściwy i oznaczenie odpow.
tytuł Lew Tołstoj i kultury słowiańskie /
dod. inf. ze s. tyt./ozn. odpow. pod redakcją Bazylego Białokozowicza.
260 ## - Adres wydawniczy
miejsce wydania, dystrybucji itp. Olsztyn :
nazwa wydawcy, dystrybutora itp. Wydawnictwo Uniwersytetu Warmińsko-Mazurskiego,
data wydania, dystrybucji itp. © copyright 2005.
300 ## - Opis fizyczny
objętość i/lub forma materiału 237 stron ;
format 24 cm.
336 ## - Content Type
Term Tekst
Code txt
Source rdacontent
337 ## - Media Type
Term Bez urządzenia pośredniczącego
Code n
Source rdamedia
338 ## - Carrier Type
Term Wolumin
Code nc
Source rdacarrier
380 ## - Form of work
Form of work Książki
380 ## - Form of work
Form of work Publikacje naukowe
388 1# - TIME PERIOD OF CREATION
Time period of creation term 2001-
500 ## - Uwaga ogólna
uwaga ogólna Materiały z XX Międzynarodowej Konferencji Slawistycznej "Lew Tołstoj i kultury słowiańskie. Polsko-wschodniosłowiańskie dziedzictwo kulturowe", Ostróda, 23 i 24 czerwca 2003 r.
504 ## - Uwaga o bibliografii
uwaga o bibliografii Bibliografie przy referatach.
546 ## - Uwaga o języku opisywanego materiału
uwaga o języku Tekst głównie w języku rosyjskim, częściowo w języku polskim i ukraińskim.
600 17 - Hasło przedmiotowe-nazwa osobowa
nazwa osobowa Tołstoj, Lew
daty biograficzne (1828-1910)
źródło hasła DBN
9 (RLIN) 37844
600 17 - Hasło przedmiotowe-nazwa osobowa
nazwa osobowa Tolstoj, Lev Nikolaevič
daty biograficzne (1828-1910)
określnik rzeczowy styl
określnik formy konferencje.
źródło hasła kaba
9 (RLIN) 37845
600 17 - Hasło przedmiotowe-nazwa osobowa
nazwa osobowa Tolstoj, Lev Nikolaevič
daty biograficzne (1828-1910)
określnik rzeczowy wpływ
określnik formy konferencje.
źródło hasła kaba
9 (RLIN) 37846
648 #7 - SUBJECT ADDED ENTRY--CHRONOLOGICAL TERM
Chronological term 1801-1900
Source of heading or term DBN
9 (RLIN) 36037
648 #7 - SUBJECT ADDED ENTRY--CHRONOLOGICAL TERM
Chronological term 1901-2000
Source of heading or term DBN
9 (RLIN) 34996
650 #7 - Hasło przedmiotowe-nazwa pospolita
nazwa pospolita lub geogr. Literatura estońska
źródło hasła DBN
9 (RLIN) 37847
650 #7 - Hasło przedmiotowe-nazwa pospolita
nazwa pospolita lub geogr. Literatura litewska
źródło hasła DBN
9 (RLIN) 35754
650 #7 - Hasło przedmiotowe-nazwa pospolita
nazwa pospolita lub geogr. Literatura rosyjska
źródło hasła DBN
9 (RLIN) 37848
650 #7 - Hasło przedmiotowe-nazwa pospolita
nazwa pospolita lub geogr. Literatury słowiańskie
źródło hasła DBN
9 (RLIN) 37849
650 #7 - Hasło przedmiotowe-nazwa pospolita
nazwa pospolita lub geogr. Wpływ i recepcja
źródło hasła DBN
9 (RLIN) 36244
650 #7 - Hasło przedmiotowe-nazwa pospolita
nazwa pospolita lub geogr. Literatura słowiańska
określnik rzeczowy historia i krytyka
określnik formy konferencje.
źródło hasła kaba
9 (RLIN) 37850
651 #7 - Hasło przedmiotowe-nazwa geogr.
nazwa geograficzna Europa Środkowo-Wschodnia
źródło hasła DBN
9 (RLIN) 35065
655 #7 - Termin określający rodzaj/formę
rodzaj/forma Materiały konferencyjne
źródło terminu DBN
9 (RLIN) 36310
658 ## - Nazwa określająca cel programu nauczania
główny cel programu nauczania Historia
658 ## - Nazwa określająca cel programu nauczania
główny cel programu nauczania Literaturoznawstwo
700 1# - Hasło dodatkowe - nazwa osobowa
nazwa osobowa Białokozowicz, Bazyli
daty biograficzne (1932-2010).
rodzaj współpracy Redakcja
9 (RLIN) 37843
710 2# - Hasło dodatkowe - nazwa ciała zbior.
nazwa ciała zbior. lub nazwa geogr. Uniwersytet Warmińsko-Mazurski (Olsztyn).
nazwa jednostki podrzędnej Wydawnictwo.
rodzaj współpracy Wydawca
kod rodzaju współpracy pbl
9 (RLIN) 12719
920 ## - ISBN
ISBN 83-7299-393-9 (oprawa miękka)
942 ## - ADDED ENTRY ELEMENTS (KOHA)
Source of classification or shelving scheme Dewey Decimal Classification
Koha item type pozycje dostępne na miejscu
Egzemplarze
Status wycofania Status zagubienia Klasyfikacja Status uszkodzenia Blokada wypożyczeń Kolekcja Lokalizacja macierzysta Lokalizacja bieżąca Data nabycia Numer akcesji Źródło akcesji Cena Nr inwentarzowy il. wypożyczeń Sygnatura Kod kreskowy Date last seen Price effective from Typ egz.
    Dewey Decimal Classification nieuszkodzona   książka w magazynie Biblioteka Instytutu Północnego w Olsztynie Biblioteka Instytutu Północnego w Olsztynie 03/03/2026 D-18/2026 dar 24.00 73828   73828 IPWK22033 11/03/2026 11/03/2026 pozycje dostępne na miejscu
Biblioteka Instytutu Północnego, ul. Partyzantów 87, 10-402 Olsztyn, email: biblioteka(at)ip.olsztyn.pl